Carpentry for the building trades. (Record no. 549086)
[ view plain ]
| 000 -LEADER | |
|---|---|
| fixed length control field | 00484cam a22001571 4500 |
| 082 ## - DEWEY DECIMAL CLASSIFICATION NUMBER | |
| Classification number | 694 |
| Author Mark | LAI |
| -- | L-24, P-3 |
| 100 1# - MAIN ENTRY--PERSONAL NAME | |
| Personal name | Lair, Elbert A. |
| 9 (RLIN) | 45605 |
| 245 10 - TITLE STATEMENT | |
| Title | Carpentry for the building trades. |
| 260 ## - PUBLICATION, DISTRIBUTION, ETC. | |
| Place of publication, distribution, etc. | New York, |
| Name of publisher, distributor, etc. | McGraw-Hill Book Co. |
| Date of publication, distribution, etc. | [1947] |
| 300 ## - PHYSICAL DESCRIPTION | |
| Extent | vii, 188 p. |
| Other physical details | diagrs., plans. |
| Dimensions | 24 cm. |
| 500 ## - GENERAL NOTE | |
| General note | "List of visual aids": p. 177-182. |
| 526 ## - STUDY PROGRAM INFORMATION NOTE | |
| Program name | 0 |
| Interest level | 0 |
| Reading level | 0 |
| Title point value | 694_000000000000000_LAI |
| 650 #0 - SUBJECT ADDED ENTRY--TOPICAL TERM | |
| Topical term or geographic name entry element | Building, Wooden. |
| 9 (RLIN) | 25296 |
| 650 #0 - SUBJECT ADDED ENTRY--TOPICAL TERM | |
| Topical term or geographic name entry element | Carpentry. |
| 942 ## - ADDED ENTRY ELEMENTS (KOHA) | |
| Source of classification or shelving scheme | |
| Koha item type | Book |
| Withdrawn status | Lost status | Source of classification or shelving scheme | Damaged status | Not for loan | Permanent Location | Current Location | Date acquired | Total Checkouts | Full call number | Barcode | Date last seen | Price effective from | Koha item type |
|---|---|---|---|---|---|---|---|---|---|---|---|---|---|
| Military College of Engineering (MCE) | Military College of Engineering (MCE) | 09/16/2014 | 694 LAI | MCE-40792 | 09/16/2014 | 09/16/2014 | Book |
